Central Library OPAC University of Rajshahi

Principles of electronics / (Record no. 67365)

MARC details
000 -LEADER
fixed length control field 00771nam a2200253 a 4500
001 - CONTROL NUMBER
control field 67365
003 - CONTROL NUMBER IDENTIFIER
rucl marc code BD-RjUL
005 - DATE AND TIME OF LATEST TRANSACTION
control field 20211209081637.0
008 - FIXED-LENGTH DATA ELEMENTS--GENERAL INFORMATION
fixed length control field 170325r19561955enka 001 0 eng
035 ## - SYSTEM CONTROL NUMBER
System control number (BD-RjUL)67496
040 ## - CATALOGING SOURCE
Original cataloging agency DLC
Transcribing agency NED
Modifying agency OCL
-- UKM
-- EQO
-- BD-RjUL
Language of cataloging eng
041 ## - LANGUAGE CODE
Language code of text/sound track or separate title eng
082 ## - DEWEY DECIMAL CLASSIFICATION NUMBER
Edition number 23
Classification number 537.5
Author mark and year AGP 1956
100 1# - MAIN ENTRY--PERSONAL NAME
Personal name Agger, L. T.
9 (RLIN) 199583
245 10 - TITLE STATEMENT
Title Principles of electronics /
Statement of responsibility, etc. L. T. Agger.
250 ## - EDITION STATEMENT
Edition statement 2d ed.
260 ## - PUBLICATION, DISTRIBUTION, ETC. (IMPRINT)
Place of publication, distribution, etc. London :
Name of publisher, distributor, etc. Macmillan ;
Place of publication, distribution, etc. New York :
Name of publisher, distributor, etc. St. Martin's Press,
Date of publication, distribution, etc. 1955 [1956].
300 ## - PHYSICAL DESCRIPTION
Pagination 340 p. :
Illustrations ill. ;
Size 23 cm.
500 ## - GENERAL NOTE
General note Includes index.
650 #0 - SUBJECT ADDED ENTRY--TOPICAL TERM
Topical term or geographic name as entry element Electronics.
9 (RLIN) 42890
Topical term or geographic name as entry element Power electronics
9 (RLIN) 199584
Topical term or geographic name as entry element Amplifiers (Electronics)
General subdivision Handbooks, manuals, etc.
9 (RLIN) 199585
942 ## - ADDED ENTRY ELEMENTS (KOHA)
Source of classification or shelving scheme Dewey Decimal Classification
Koha item type Books
Holdings
Lost status Source of classification or shelving scheme Damaged status Not for loan Collection code Permanent Location Current Location Shelving location Date acquired Source of acquisition Total Checkouts Full call number Date last seen Copy number Koha item type
  Dewey Decimal Classification   Not For Loan Non-fiction Central Library, University of Rajshahi Central Library, University of Rajshahi Reading Room 29/11/1958 Colombo Plan through registration office   537.5 AGP 1956 25/03/2017 C-1 Books